000 00763nam a2200253Ia 4500
003 OSt
005 20250303111328.0
008 210716s2003 xx 000 0 und d
020 _a8126503122
040 _cAIMIT LIBRARY
041 _aeng
082 _a006.671
_21
_bGRAM
100 _aGrand, Mark.
_9203341
245 _aJava enterprise design patterns :
_bpatterns in java /
_cBy Mark Grand.
250 _a1st ed.
260 _aNew Delhi :
_bWiley Dreamtech Pvt Ltd ,
_c2003.
300 _av,486p. ;
_bPB
_c24 cm
440 _v3
500 _aVolume-3 patterns in java.
650 _aThe software life cycle
_9203342
650 _aDistributed computing patterns
_9203343
650 _aDatabase patterns
_9203344
942 _2ddc
_cBK
_e1st
_k006.671 GRAM
999 _c186280
_d186280